Statistics for Car Quiz (Chevrolet Edition)

Click here to take the quiz!

General Stats

  • This quiz has been taken 104 times
  • The average score is 8 of 14

Answer Stats

Answer% Correct
Silverado
90%
Camaro
84%
Corvette
70%
Suburban
70%
El Camino
69%
Chevelle
65%
Colorado
58%
Impala
58%
Cruze
57%
Corvair
45%
Monte Carlo
39%
Captiva
30%
Aveo
29%
Orlando
25%

Score Distribution

Percentile by Number Answered

Percent of People with Each Score

Your Score History

You have not taken this quiz